[Event "Groningen"]
[Site "Groningen"]
[Date "1989.??.??"]
[Round "?"]
[White "Smyslov, Vassily"]
[Black "Kuijf, Marinus"]
[Result "1/2-1/2"]
[WhiteElo "2570"]
[BlackElo "2530"]

1.d4 d5 2.c4 c6 3.Nf3 Nf6 4.Nc3 e6 5.Qb3 dxc4 6.Qxc4 b5 7.Qb3 Nbd7 8.g3 Be7
9.Bg2 O-O 10.O-O b4 11.Na4 Ba6 12.Qc2 Qa5 13.Bg5 Bxe2 14.Qxe2 Qxa4 15.b3 Qa5
16.Ne5 Nxe5 17.dxe5 Nd5 18.Bxd5 Bxg5 19.Bxc6 Rad8 20.Rad1 Be7 21.Kg2 g6 22.f4 Rxd1
23.Rxd1 Rd8 24.Rxd8+ Qxd8 25.Be4 Bc5 26.Qd3 Qa5 27.Qd2 Qb6 28.Qd7 Kg7 29.Kh3 Qa6
30.Qd2 Qf1+ 31.Bg2 Qa1 32.Bf3 a5 33.Bd1 Bd4 34.Kg4 h6 35.Kh3 h5 36.Kh4 Bc5
37.Kh3 Bg1 38.Be2 Bd4 39.Bd1 Bc5 40.Kg2 Be7 41.Kf3 h4 42.Kg4 hxg3 43.hxg3 Bc5
44.Kf3 Bd4 45.Kg4  1/2-1/2

[Event "EU-chT"]
[Site "Haifa"]
[Date "1989.??.??"]
[Round "1"]
[White "Wirthensohn, Heinz"]
[Black "Ipek, Ali"]
[Result "1-0"]
[WhiteElo "2405"]
[BlackElo "2320"]

1.Nf3 Nf6 2.c4 e6 3.d4 d5 4.Nc3 c6 5.Qb3 Nbd7 6.Bg5 Qa5 7.cxd5 exd5 8.e3 Ne4
9.Bh4 Bb4 10.Rc1 O-O 11.a3 Bd6 12.Bd3 Re8 13.O-O Ndf6 14.Qc2 h6 15.Nd2 Nxd2
16.Qxd2 Qd8 17.Kh1 Qe7 18.Rce1 g5 19.Bg3 Bxg3 20.fxg3 Ne4 21.Nxe4 dxe4 22.Bc4 Be6
23.Bxe6 Qxe6 24.Rf2 f5 25.Ref1 Rf8 26.Kg1 Rf7 27.Qa5 b6 28.Qe1 Raf8 29.Qe2 Kg7
30.Rc1 Rf6 31.Qc4 Qxc4 32.Rxc4 Rd8 33.Rfc2 Rdd6 34.b4 a6 35.Kf2 Kf7 36.a4 Ke7
37.a5 bxa5 38.bxa5 Rd5 39.Rc5 Rfd6 40.Rxc6 Rxa5 41.R6c5 Rxc5 42.Rxc5 Ke6
43.Ra5 Rb6 44.g4 Rb2+ 45.Kg3 f4+ 46.exf4 Rb3+ 47.Kf2 gxf4 48.Re5+ Kf6 49.Rxe4 Kg5
50.h3 Rb2+ 51.Re2 Rb4 52.Re5+ Kg6 53.Rd5 a5 54.Rxa5 Rxd4 55.Kf3 Rb4 56.Re5 Rb2
57.h4 Ra2 58.h5+ Kg7 59.Re6 Rb2 60.Rg6+ Kh7 61.Rf6 Kg7 62.Rxf4 Rb3+ 63.Kf2 Ra3
64.Rf3 Ra4 65.Kg3 Rb4 66.Re3 Kf6 67.Ra3 Kg7 68.Ra7+ Kg8 69.Ra5 Rb3+ 70.Kh4 Rb2
71.Kh3 Rb3+ 72.g3 Kg7 73.g5 hxg5 74.Rxg5+ Kh6 75.Ra5 Rb4 76.g4 Rc4 77.Kh4 Rb4
78.Ra6+ Kh7 79.h6 Rb1 80.Kh5 Rh1+ 81.Kg5 Rb1 82.Ra7+ Kg8 83.Kh5 Rb5+ 84.g5 Rc5
85.Re7 Ra5 86.Kg6 Ra6+ 87.Kf5 Ra1 88.Kf6 Ra6+ 89.Re6 Ra8 90.g6 Rf8+ 91.Kg5 Ra8
92.h7+ Kg7 93.Re7+  1-0

[Event "HUN-ch"]
[Site "?"]
[Date "1989.??.??"]
[Round "?"]
[White "Schneider, Attila"]
[Black "Feher, Gyula"]
[Result "1-0"]
[WhiteElo "2390"]
[BlackElo "2410"]

1.d4 d5 2.Nf3 Nf6 3.c4 c6 4.Nc3 e6 5.Qb3 dxc4 6.Qxc4 b5 7.Qd3 b4 8.Ne4 Nxe4
9.Qxe4 Bb7 10.g3 Nd7 11.Bg2 Nf6 12.Qc2 Qb6 13.O-O Be7 14.Ne5 Rc8 15.Rd1 O-O
16.e4 Rfd8 17.Be3 c5 18.dxc5 Rxd1+ 19.Rxd1 Qc7 20.f4 h6 21.Rc1 a5 22.Qc4 Bc6
23.h3 Be8 24.Kh2 Qa7 25.Bg1 Qa8 26.b3 Rc7 27.Qd4 Rc8 28.Be3 Qa6 29.Qd2 Rd8
30.Qf2 Rc8 31.Qc2 Bb5 32.Bf3 Qa7 33.Nc4 Qa6 34.Nb6 Bd3 35.Qg2 Rc7 36.e5 Nd7
37.Nxd7 Rxd7 38.c6 Rc7 39.Qf2 Bb5 40.Bb6 Rc8 41.c7 a4 42.Bg2 axb3 43.axb3 Qa3
44.Qe3 Ba6 45.Rd1 Qb2 46.Bd4 Qc2 47.Rc1  1-0

[Event "Elekes mem"]
[Site "Budapest"]
[Date "1990.??.??"]
[Round "7"]
[White "Costa, Jean Luc"]
[Black "Lukacs, Peter"]
[Result "1/2-1/2"]
[WhiteElo "2360"]
[BlackElo "2505"]

1.d4 Nf6 2.Nf3 d5 3.c4 e6 4.Nc3 c6 5.Qb3 dxc4 6.Qxc4 b5 7.Qb3 Nbd7 8.g3 Bb7
9.Bg2 a6 10.Ne5 Nxe5 11.dxe5 Ng4 12.Bf4 g5 13.Bd2 Nxe5 14.Ne4 Be7 15.O-O-O Qc7
16.Bxg5 Bxg5+ 17.Nxg5 Nc4 18.Qc3 Qe5 19.Qxe5 Nxe5 20.Ne4 Ke7 21.Nc5 Bc8 22.f4 Ng4
23.Rd2 Ra7 24.Bf3 Ne3 25.Rd3 Nd5 26.e4 Nb4 27.Rd4 a5 28.a3 Na6 29.Nxa6 Bxa6
30.Rhd1 Rc7 31.e5 Bb7 32.Rd6 Ba8 33.g4 c5 34.f5 Rb8 35.Bxa8 Rxa8 36.Rb6 exf5
37.gxf5 b4 38.Rh6 Rh8 39.Rdd6 c4 40.f6+ Ke8 41.axb4 axb4 42.Rb6 Kd7 43.Rh4 b3
44.Ra6 Rc5 45.e6+ fxe6 46.Rg4 Rc6 47.Rg7+ Kd6 48.Rxc6+ Kxc6 49.f7 Rf8 50.Rxh7 Kd5
51.Kd2 Kd4 52.Rh4+ Ke5 53.Rxc4 Rxf7 54.Ke3 Rf1 55.Rc5+ Kd6 56.Rc3 Rh1 57.Rxb3 Rxh2  1/2-1/2

[Event "Arnold Cup"]
[Site "Gausdal"]
[Date "1990.??.??"]
[Round "9"]
[White "Gausel, Einar"]
[Black "Elseth, Roar"]
[Result "1-0"]
[WhiteElo "2440"]
[BlackElo "2335"]

1.d4 d5 2.c4 e6 3.Nc3 Nf6 4.Nf3 c6 5.Qb3 Nbd7 6.Bg5 Be7 7.e3 O-O 8.Rd1 Re8
9.Bd3 dxc4 10.Bxc4 Nd5 11.Bxe7 Qxe7 12.O-O a6 13.Rfe1 Nxc3 14.bxc3 b5 15.Bf1 c5
16.a4 cxd4 17.exd4 bxa4 18.Qxa4 Bb7 19.Ne5 Nb6 20.Qb3 Nd5 21.Rb1 Ra7 22.c4 Nf4
23.Qg3 Nh5 24.Qh3 Nf6 25.d5 Ba8 26.dxe6 Qxe6 27.Ng4 Qxe1 28.Nxf6+ gxf6 29.Rxe1 Rxe1
30.Qg3+  1-0

[Event "Novi Sad ol (Men)"]
[Site "Novi Sad"]
[Date "1990.??.??"]
[Round "8"]
[White "Karkanaque, Ilir"]
[Black "Babu, N Sudhakar"]
[Result "1-0"]
[WhiteElo "2375"]
[BlackElo "2415"]

1.Nf3 d5 2.d4 Nf6 3.c4 e6 4.Nc3 c6 5.Qb3 Be7 6.Bg5 Nbd7 7.e3 h6 8.Bh4 O-O
9.Rd1 Re8 10.Bd3 Qb6 11.Qc2 Qa5 12.Nd2 Ne4 13.Bxe7 Nxc3 14.bxc3 Rxe7 15.O-O b5
16.c5 e5 17.e4 dxe4 18.Nxe4 Qc7 19.Rfe1 Nf8 20.Nd6 exd4 21.Rxe7 Qxe7 22.cxd4 Bg4
23.f3 Qe3+ 24.Qf2 Qxf2+ 25.Kxf2 Bd7 26.Be4 Ne6 27.Nxb5 f5 28.Bxf5 cxb5 29.c6 Bc8
30.d5 Nc5 31.Bg6 Kf8 32.Re1 Ne6 33.d6 a5 34.d7 Bxd7 35.cxd7 Nc7 36.Rc1  1-0

[Event "Prague T7"]
[Site "Prague"]
[Date "1990.??.??"]
[Round "4"]
[White "Bakalar, Petr"]
[Black "Franic, Milan"]
[Result "0-1"]
[WhiteElo "2325"]
[BlackElo "2370"]

1.d4 Nf6 2.c4 e6 3.Nc3 d5 4.Nf3 c6 5.Qb3 Nbd7 6.g3 Bd6 7.Bg2 O-O 8.O-O Rb8
9.Re1 b5 10.cxd5 cxd5 11.Bg5 b4 12.Nb1 a5 13.Nbd2 Qb6 14.e3 Ba6 15.Rac1 Bb5
16.Bf1 Rbc8 17.Bxb5 Qxb5 18.a4 Qa6 19.Bxf6 Nxf6 20.Qa2 Nd7 21.Qb1 Nb6 22.b3 Rc3
23.Rxc3 bxc3 24.Nf1 Rc8 25.Qc2 Nd7 26.Rc1 Ba3 27.Rb1 Qb7 28.h3 Bb2 29.N1d2 Nf6
30.Kg2 h6 31.Ng1 cxd2 32.Qxb2 Ne4 33.Ne2 Qa6  0-1

[Event "Prague Metro-B"]
[Site "Prague"]
[Date "1990.??.??"]
[Round "5"]
[White "Priehoda, Vitezslav"]
[Black "Spesny, Jan"]
[Result "1-0"]
[WhiteElo "2415"]
[BlackElo "2340"]

1.d4 d5 2.c4 c6 3.Nf3 Nf6 4.Qb3 e6 5.Nc3 Be7 6.Bg5 Nbd7 7.e3 O-O 8.Be2 b6
9.O-O Bb7 10.Rfd1 c5 11.Bxf6 Nxf6 12.dxc5 Bxc5 13.cxd5 exd5 14.Nd4 Qe7 15.Bf3 Rad8
16.Rac1 g6 17.Nce2 Bd6 18.Nc6 Bxc6 19.Rxc6 Qe5 20.g3 Bc5 21.Qc3 Qxc3 22.Nxc3 Kg7
23.Bxd5 Nxd5 24.Nxd5 Rfe8 25.Kf1 Re5 26.Nc3 Rxd1+ 27.Nxd1 Rd5 28.Ke2 Bb4
29.Nc3 Bxc3 30.Rxc3 Rd7 31.Rc6 h5 32.h3 Kf8 33.g4 hxg4 34.hxg4 Ke8 35.g5 Kd8
36.Rc4 Ke7 37.Re4+ Kf8 38.Rd4 Rc7 39.Kd3 Ke7 40.f4 Ke6 41.a4 Rc1 42.Rc4 Ra1
43.Re4+ Kd6 44.b3 Rc1 45.Rd4+ Ke6 46.Rc4 Rd1+ 47.Kc3 Re1 48.Re4+ Kd6 49.Kc4 a6
50.Kb4 Rb1 51.Re8 Re1 52.Rb8 Kc6 53.Rf8 Rxe3 54.Rxf7 Re4+ 55.Kc3 a5 56.f5 gxf5
57.Rxf5 Rg4 58.Rb5 Re4 59.Kd3 Re6 60.Kd4 Re1 61.Re5 Rd1+  1-0

[Event "Zuerich op"]
[Site "Zuerich"]
[Date "1990.??.??"]
[Round "?"]
[White "Titz, Heimo"]
[Black "Lombard, Andre"]
[Result "0-1"]
[WhiteElo "2245"]
[BlackElo "2395"]

1.c4 Nf6 2.Nc3 e6 3.Nf3 d5 4.d4 c6 5.Qb3 Nbd7 6.Bf4 Be7 7.e3 O-O 8.Bd3 dxc4
9.Bxc4 b5 10.Be2 a6 11.Ne5 Bb7 12.Bf3 Qb6 13.O-O c5 14.Na4 Qa7 15.Nxc5 Bxc5
16.dxc5 Nxc5 17.Qa3 Bxf3 18.Nxf3 Qb6 19.b4 Nce4 20.Rac1 Rac8 21.Be5 h6 22.Qb2 Rfd8
23.a3 Qb7 24.Nd4 Ne8 25.Nb3 Qd5 26.f3 Rxc1 27.Rxc1 Qd1+  0-1

[Event "GER-ch"]
[Site "Bad Neuenahr"]
[Date "1991.??.??"]
[Round "3"]
[White "Uhlmann, Wolfgang"]
[Black "Schoene, Ralf"]
[Result "1-0"]
[WhiteElo "2510"]
[BlackElo "2350"]

1.c4 e6 2.Nc3 d5 3.d4 c6 4.Qb3 Nf6 5.Nf3 a5 6.e3 Nbd7 7.Bd3 g6 8.O-O Bg7
9.e4 dxe4 10.Nxe4 Nxe4 11.Bxe4 O-O 12.Bf4 c5 13.dxc5 Nxc5 14.Qe3 Nxe4 15.Qxe4 Bxb2
16.Rad1 Qf6 17.Rd2 Ba3 18.Rfd1 Qe7 19.Ne5 f6 20.Bh6 Re8 21.Nxg6 Qf7 22.Rd8 e5
23.Nxe5 fxe5 24.Rxe8+ Qxe8 25.Rd3 Ra6 26.Qd5+ Qe6 27.Qd8+ Kf7 28.Rf3+  1-0

[Event "Beijing op"]
[Site "Beijing"]
[Date "1991.??.??"]
[Round "8"]
[White "Namgilov, Sogto"]
[Black "Novikov, Igor A"]
[Result "1/2-1/2"]
[WhiteElo "2445"]
[BlackElo "2545"]

1.d4 d5 2.c4 e6 3.Nf3 Nf6 4.Nc3 c6 5.Qb3 dxc4 6.Qxc4 b5 7.Qb3 Nbd7 8.g3 Bb7
9.Bg2 a6 10.Ne5 Rc8 11.O-O Be7 12.Bg5 h6 13.Bxf6 Nxf6 14.Rfd1 O-O 15.Rac1 Qc7
16.a4 c5 17.Bxb7  1/2-1/2

[Event "Borovo"]
[Site "Borovo"]
[Date "1991.??.??"]
[Round "6"]
[White "Ermenkov, Evgenij"]
[Black "Joksic, Sinisa"]
[Result "1-0"]
[WhiteElo "2510"]
[BlackElo "2345"]

1.d4 d5 2.Nf3 Nf6 3.c4 c6 4.Nc3 e6 5.Qb3 dxc4 6.Qxc4 b5 7.Qb3 Be7 8.g3 O-O
9.Bg2 Nbd7 10.O-O Bb7 11.Rd1 a6 12.Bf4 Nd5 13.a4 Nxf4 14.gxf4 Qb8 15.e3 b4
16.Ne4 c5 17.dxc5 Nxc5 18.Nxc5 Bxc5 19.Rac1 Rc8 20.f5 Bd5 21.Qd3 Be7 22.e4 Rxc1
23.Rxc1 Qf4 24.Re1 Bc6 25.Nd4 Bxa4 26.fxe6 fxe6 27.Nxe6 Qe5 28.Qd5 Qxd5 29.exd5 Bd6
30.Nd4 Bd7 31.Bf1 a5 32.Bb5 Bxb5 33.Nxb5 Rd8 34.b3 h5 35.Kg2 Kf7 36.Re6 Bb8
37.Rb6 Be5 38.d6 Ke6 39.Ra6 Bxd6 40.f4 g6 41.Kf3 Ke7 42.Ke4 Bxf4 43.Kxf4 Rd3
44.Rxa5 Rxb3 45.Nd4 Rb2 46.h4 b3 47.Ke5 Rf2 48.Nxb3 Re2+ 49.Kf4 Rg2 50.Rg5 Rb2
51.Nd4 Kf6 52.Rb5 Rg2 53.Rb6+ Kf7 54.Nf3 Rg4+ 55.Ke5 Kg7 56.Rb7+ Kh6 57.Rf7 Ra4
58.Nd4 Ra5+ 59.Kf6 Ra1 60.Ne6 Rf1+ 61.Ke7 Ra1 62.Rf8 Kh7 63.Ng5+ Kh6 64.Rh8+ Kg7
65.Rh7+ Kg8 66.Rf7 Ra6 67.Rf4 Kg7 68.Ne6+ Kh7 69.Rf7+ Kh6 70.Rf8 Kh7 71.Kf6 Rd6
72.Ra8 Rb6 73.Re8 Ra6 74.Rb8 Rd6 75.Rc8 Ra6 76.Kf7 Ra7+ 77.Rc7 Ra1 78.Nf8+ Kh8
79.Nxg6+ Kh7 80.Nf8+ Kh8 81.Ne6 Rf1+ 82.Kg6  1-0

[Event "Budapest"]
[Site "Budapest"]
[Date "1991.??.??"]
[Round "3"]
[White "Stajcic, Nikola"]
[Black "Novikov, Igor A"]
[Result "1/2-1/2"]
[WhiteElo "2345"]
[BlackElo "2545"]

1.d4 d5 2.Nf3 Nf6 3.c4 e6 4.Nc3 c6 5.Qb3 dxc4 6.Qxc4 b5 7.Qd3 Be7 8.g3 O-O
9.Bg2 Bb7 10.O-O Nbd7 11.Bf4 b4 12.Ne4 c5 13.Nfg5 Nxe4 14.Nxe4 cxd4 15.Qxd4 Bd5
16.Bd6  1/2-1/2

[Event "Copenhagen op"]
[Site "Copenhagen"]
[Date "1991.??.??"]
[Round "10"]
[White "Jakobsen, Ole"]
[Black "Tischbierek, Raj"]
[Result "0-1"]
[WhiteElo "2365"]
[BlackElo "2500"]

1.d4 Nf6 2.c4 e6 3.Nf3 d5 4.Nc3 c6 5.Qb3 Be7 6.Bg5 dxc4 7.Qxc4 b5 8.Qb3 Nbd7
9.e3 a6 10.Be2 Bb7 11.O-O c5 12.Rfd1 c4 13.Qc2 Rc8 14.a3 h6 15.Bh4 O-O 16.e4 Nh5
17.Bg3 Nxg3 18.hxg3 Qb6 19.e5 Rfd8 20.d5 Nc5 21.d6 Bf8 22.Re1 g6 23.Bf1 Bg7
24.Re3 Nd7 25.Rae1 a5 26.a4 b4 27.Nb5 Rc5 28.Bxc4 Bxf3 29.gxf3 Nxe5 30.b3 Qc6
31.Rxe5 Rxe5 32.Rd1 Qxf3 33.Bf1 Rd5 34.Rc1 R5xd6 35.Nxd6 Rxd6 36.Bg2 Qc3
37.Qb1 Qd3 38.Qa2 Bc3 39.Bf1 Qf5 40.Qc2 Qe5 41.Rd1 Bd4 42.Bg2 Kg7 43.Kf1 Qf6
44.Rd2 Qd8 45.Qc4 e5 46.Bc6 Rf6 47.Bd5 h5 48.Kg2 h4 49.Be4 Qb6 50.Qc2 Qe6
51.f3 hxg3 52.Kxg3 Qe7 53.Kg2 Rf4 54.Kf1 Qf6 55.Ke2 Rh4 56.Kd3 Bc3 57.Rg2 Rh1
58.Ke3 Qb6+  0-1

[Event "Karlsruhe Elo"]
[Site "Karlsruhe"]
[Date "1991.??.??"]
[Round "11"]
[White "Collas, Didier"]
[Black "Chabanon, Jean Luc"]
[Result "0-1"]
[WhiteElo "2315"]
[BlackElo "2480"]

1.d4 d5 2.c4 e6 3.Nc3 c6 4.Nf3 Nf6 5.Qb3 Nbd7 6.Bg5 h6 7.Bh4 Be7 8.e3 O-O
9.Be2 dxc4 10.Qxc4 Nb6 11.Qb3 Nfd7 12.Bxe7 Qxe7 13.O-O e5 14.dxe5 Nxe5 15.Nxe5 Qxe5
16.Qc2 Be6 17.b3 Rad8 18.Rad1 c5 19.e4 c4 20.bxc4 Nxc4 21.Nd5 Bxd5 22.exd5 Nd6
23.Rfe1 Rfe8 24.Qd2 Ne4 25.Qe3 Nc3 26.Qxe5 Rxe5 27.Bf3 Rxe1+ 28.Rxe1 Nb5
29.g3 Kf8 30.Kf1 Re8 31.Rc1 Nd6 32.Rc7 Re7 33.Rc5 Ke8 34.Ra5 a6 35.Ra4 Kd8
36.Rg4 f6 37.h4 Kc7 38.Rb4 f5 39.g4 fxg4 40.Rxg4 Kb6 41.Kg2 Kc5 42.Rf4 b5
43.Rf8 Ra7 44.Kh3 b4 45.Kg4 a5 46.Kh5 a4 47.Bd1 b3 48.Bxb3 axb3 49.axb3 Ra1
50.Rf3 Kxd5 51.Kg6 Ra7 52.Rf8 Ke5 53.f4+ Ke4 54.b4 Rb7 55.b5 Nf5 56.Re8+ Kxf4
57.Kh5 g6+ 58.Kxg6 Rb6+ 59.Kh7 h5 60.Re1 Nxh4 61.Rb1 Nf3  0-1

[Event "ESP-ch"]
[Site "Lleida"]
[Date "1991.??.??"]
[Round "5"]
[White "Alvarez, R."]
[Black "Guerra, D."]
[Result "1-0"]
[WhiteElo "2365"]
[BlackElo "2305"]

1.d4 d5 2.Nf3 Nf6 3.c4 c6 4.Nc3 e6 5.Qb3 Nbd7 6.g3 Be7 7.Bg2 O-O 8.O-O Nb6
9.cxd5 exd5 10.Bf4 Nc4 11.Ne5 Nxe5 12.Bxe5 Qb6 13.Qc2 Nd7 14.Na4 Qb4 15.a3 Qc4
16.Qxc4 dxc4 17.Bc7 Nf6 18.e4 Be6 19.Nc5 Bxc5 20.dxc5 Rfc8 21.Bd6 Nd7 22.f4 f6
23.e5 fxe5 24.fxe5 Re8 25.Rf4 Nf8 26.Bf1 Ng6 27.Rxc4 Bd5 28.Re1 b6 29.Rc3 bxc5
30.Rxc5 Rad8 31.Rcc1 Nf8 32.Bg2 Ne6 33.Red1 Bxg2 34.Kxg2 Rc8 35.Rc4 Nd8 36.Rdc1 Kf7
37.Ra4 Ra8 38.Bc7 Re7 39.Bd6 Rb7 40.b4 Ke6 41.Ra5 a6 42.Rac5 Rb5 43.R5c2 Ra7
44.Rf1 Rd7 45.Rf8 Rd5 46.Re8+ Kf7 47.Rf2+ Kg6 48.Rff8 Nb7 49.Re6+ Kh5 50.Rf5+ g5
51.Rff6 Nd8 52.Rh6+ Kg4 53.Ref6 Rd2+ 54.Rf2 Rxf2+ 55.Kxf2 Rf7+ 56.Ke3 Rf3+
57.Kd4 Rxa3 58.e6 Nxe6+ 59.Rxe6 a5 60.Rh6 axb4 61.Rxh7 Ra5 62.Bxb4 Rb5 63.Bc5 Rb2
64.Bd6 Rb5 65.Kc4 Rd5 66.Rh6 Kf3 67.Bc7 Rd7 68.Bd6 Kg2 69.Kc5 Ra7 70.Kxc6 Ra6+
71.Kd5 Kf3 72.Rg6 g4 73.Rh6 Ra2  1-0

[Event "NOR-ch"]
[Site "NOR"]
[Date "1991.??.??"]
[Round "8"]
[White "Gausel, Einar"]
[Black "Haugli, Petter"]
[Result "1-0"]
[WhiteElo "2435"]
[BlackElo "2390"]

1.d4 Nf6 2.Nf3 e6 3.c4 d5 4.Nc3 c6 5.Qb3 Nbd7 6.Bg5 Be7 7.e3 O-O 8.Rd1 b6
9.Bd3 Bb7 10.cxd5 exd5 11.O-O h6 12.Bf4 Re8 13.Bb1 Nf8 14.h3 Bd6 15.Be5 Bxe5
16.Nxe5 N6d7 17.f4 f6 18.Nxd7 Qxd7 19.e4 Qf7 20.e5 f5 21.Qc2 Bc8 22.Rd2 Be6
23.Nd1 Rac8 24.Ne3  1-0

[Event "JUG-Cup final"]
[Site "Pula"]
[Date "1991.??.??"]
[Round "1"]
[White "Ristic, Nebojsa"]
[Black "Smagin, Sergey"]
[Result "0-1"]
[WhiteElo "2410"]
[BlackElo "2550"]

1.d4 Nf6 2.Nf3 e6 3.c4 d5 4.Nc3 c6 5.Qb3 Nbd7 6.Bg5 h6 7.Bh4 Be7 8.e3 O-O
9.Be2 dxc4 10.Bxc4 a6 11.Rd1 b5 12.Bxe6 fxe6 13.Qxe6+ Kh8 14.Qxc6 Ra7 15.Ne5 Qe8
16.O-O b4 17.Ne2 Nxe5 18.Qxe8 Nxe8 19.Bxe7 Rxe7 20.dxe5 Rxe5 21.Nf4 Kh7 22.Rd8 Bf5
23.h3 Rf7 24.g4 Be4 25.Rc1 Rc7 26.Rxc7 Nxc7 27.Rd4 a5 28.Nh5 Bd5 29.a3 Nb5
30.Rd3 bxa3 31.bxa3 Bf7 32.Nf4 Bc4 33.Rd7 Nxa3 34.Nh5 Rxh5 35.gxh5 a4 36.Ra7 Bb3
37.f4 Nc2 38.f5 a3  0-1

[Event "Rome op"]
[Site "Rome"]
[Date "1991.??.??"]
[Round "?"]
[White "Sibilio, Mario"]
[Black "Camejo, Rui"]
[Result "0-1"]
[WhiteElo "2315"]
[BlackElo "2280"]

1.d4 d5 2.Nf3 e6 3.c4 Nf6 4.Nc3 c6 5.Qb3 Ne4 6.e3 f5 7.cxd5 exd5 8.Bd3 Bd6
9.Bd2 Qe7 10.Rc1 Nd7 11.Qc2 O-O 12.Ke2 Ndf6 13.h3 Bd7 14.Rhf1 Be8 15.Kd1 Bh5
16.Be2 Rae8 17.Ng1 Nxc3+ 18.Bxc3 f4 19.Bxh5 Nxh5 20.Re1 Qg5 21.g4 fxg3 22.f4 Nxf4
23.exf4 Qh5+ 24.Ne2 Rxf4 25.Kd2 Rf2  0-1

[Event "Santiago m"]
[Site "Santiago"]
[Date "1991.??.??"]
[Round "1"]
[White "Kortschnoj, Viktor"]
[Black "Morovic Fernandez, Ivan"]
[Result "0-1"]
[WhiteElo "2615"]
[BlackElo "2535"]

1.d4 d5 2.c4 c6 3.Nf3 Nf6 4.Nc3 e6 5.Qb3 dxc4 6.Qxc4 b5 7.Qb3 b4 8.Na4 Nbd7
9.Bg5 Qa5 10.Bxf6 gxf6 11.e3 Nb6 12.Nxb6 axb6 13.Bd3 Bb7 14.O-O c5 15.a4 Rg8
16.Bb5+ Ke7 17.e4 Bxe4 18.dxc5 Bd5 19.Qe3 Bh6 20.Qxh6 Bxf3 21.g3 Rg5 22.Rac1 bxc5
23.h4 Re5 24.Rc4 Rg8 25.Rfc1 Qc7 26.Qf4 Bd5 27.Rxb4 Qd6 28.Rbc4 Bxc4 29.Qxc4 Qd2
30.Qc3 Rd8 31.Qxd2 Rxd2 32.b3 Rf5 33.Rf1 Rfd5 34.Bc4 Rd8 35.Re1 Rd1 36.Kf1 f5
37.a5 Rxe1+ 38.Kxe1 Kd6 39.Ke2 Kc6 40.Ke3 Rd4 41.a6 Kb6 42.Be2 Re4+ 43.Kd2 Rxe2+
44.Kxe2 Kxa6 45.Kd3 Kb5 46.Kc3 e5 47.Kc2 Kb4 48.Kb2 c4 49.bxc4 Kxc4 50.Kc2 Kd4
51.Kd2 Ke4 52.Ke2 f4  0-1

[Event "Tel Aviv-B"]
[Site "Tel Aviv"]
[Date "1991.??.??"]
[Round "8"]
[White "Zilberman, Yaacov"]
[Black "Shabtai, Ran"]
[Result "1/2-1/2"]
[WhiteElo "2425"]
[BlackElo "2345"]

1.d4 d5 2.c4 c6 3.Nf3 Nf6 4.Nc3 e6 5.Qb3 Nbd7 6.g3 dxc4 7.Qxc4 c5 8.Bg2 a6
9.O-O b5 10.Qd3 Bb7 11.Bg5 cxd4 12.Qxd4 h6 13.Bxf6 Qxf6 14.Rfd1 Qxd4 15.Nxd4 Bxg2
16.Kxg2 Be7 17.Rac1 Ne5 18.Ne4 O-O 19.Nc6 Nxc6 20.Rxc6 Rfc8 21.Rdc1 Rxc6
22.Rxc6 Kf8 23.Kf3 f5 24.Nc5 Bxc5 25.Rxc5 Kf7 26.Rc6 Kf6 27.e4 Ke5 28.exf5 exf5
29.h4 Ra7 30.h5 Kd5 31.Rc2 Ke5 32.Rc5+ Kd6 33.Rxf5 Rc7 34.g4 Ke6 35.Rf4 Rc2
36.Re4+ Kf6 37.Re2 Rc4 38.Kg3 Ra4 39.b3 Ra3 40.f3 a5 41.Kf4 a4 42.bxa4 Rxa4+
43.Kg3 Ra3 44.Rb2 b4 45.Kf4 Ra4 46.Ke3 Kg5 47.Rd2 Ra3+ 48.Ke4 Kf6 49.Rb2 Kg5
50.Rd2 Kf6 51.Rb2 Kg5 52.Rxb4 Rxa2 53.Ke5 Ra3 54.Ke4 Kf6 55.f4 Ra6 56.Rd4 Re6+
57.Kf3 Ra6 58.Kg3 Ra1 59.Rd6+ Kf7 60.g5 hxg5 61.fxg5 Rg1+ 62.Kf4 Rf1+ 63.Ke4 Re1+  1/2-1/2

[Event "Barcelona"]
[Site "Barcelona"]
[Date "1992.??.??"]
[Round "?"]
[White "Rivas Pastor, Manuel"]
[Black "Dorfman, Josif D"]
[Result "0-1"]
[WhiteElo "2520"]
[BlackElo "2605"]

1.d4 Nf6 2.c4 e6 3.Nf3 d5 4.Nc3 c6 5.Qb3 dxc4 6.Qxc4 b5 7.Qd3 Ba6 8.Qc2 b4
9.Na4 Bb5 10.b3 Nbd7 11.Bb2 Be7 12.e4 O-O 13.Bc4 Qa5 14.Nd2 Bxa4 15.bxa4 Nb6
16.Bb3 Rac8 17.O-O c5 18.dxc5 Rxc5 19.Qd1 Rd8 20.Re1 Rc7 21.Re2 Qa6 22.Be5 Rcc8
23.Bf4 Nfd7 24.Be3 Nc5 25.Bxc5 Rxc5 26.f4 Ra5 27.f5 Nxa4 28.Bxa4 Rxa4 29.fxe6 fxe6
30.Qf1 Rxa2 31.Rxa2 Qxa2 32.Nf3 Qc4 33.g3 Rf8 34.Kg2 Qd3 35.Qf2 Bc5 36.Qf1 a5
37.Ne5 Qc3 38.Nf3 b3 39.Re1 Rxf3  0-1

[Event "Bucharest-B"]
[Site "Bucharest"]
[Date "1992.??.??"]
[Round "?"]
[White "Vasilescu, Lucian"]
[Black "Micalizzi, Giovanni"]
[Result "1-0"]
[WhiteElo "2430"]
[BlackElo "2325"]

1.d4 d5 2.c4 e6 3.Nf3 Nf6 4.Nc3 c6 5.Qb3 Be7 6.g3 O-O 7.Bg2 dxc4 8.Qxc4 b5
9.Qb3 Bb7 10.O-O b4 11.Na4 Nbd7 12.Bd2 a5 13.Rfc1 c5 14.dxc5 Rc8 15.Be3 Ne4
16.Ne1 Bd5 17.Qd1 Ndxc5 18.Nxc5 Nxc5 19.Bxd5 exd5 20.Bxc5 Bxc5 21.Nd3 Bd4
22.Rxc8 Qxc8 23.Rc1 Qd7 24.Qc2 g6 25.Qc6 Rd8 26.Qxd7 Rxd7 27.Rc6 Rb7 28.Rd6 Rb5
29.b3 Bc3 30.Nf4 d4 31.Rd5 Rxd5 32.Nxd5 Kf8 33.Nb6 Ke7 34.Nc4 a4 35.bxa4 Ke6
36.Kg2 Kd5 37.a5 Kc6 38.a6 f6 39.Kf3 Kc7 40.Ke4 Kb8 41.Nd6 Ka7 42.Nb5+ Kxa6
43.Nxd4 Ka5 44.Kd5 Ka4 45.Nc2 b3 46.axb3+ Kxb3 47.Nd4+ Kb2 48.e4 Ba5 49.f4 Kc3
50.e5 fxe5 51.fxe5 Kd3 52.e6 Bd8 53.Nc6 Bf6 54.e7 Bxe7 55.Nxe7 Ke3 56.Nxg6 hxg6
57.Ke5  1-0

[Event "Bucharest-B"]
[Site "Bucharest"]
[Date "1992.??.??"]
[Round "?"]
[White "Vasilescu, Lucian"]
[Black "Spulber, Cicerone"]
[Result "0-1"]
[WhiteElo "2430"]
[BlackElo "2345"]

1.d4 d5 2.c4 c6 3.Nf3 Nf6 4.Qb3 e6 5.Nc3 Nbd7 6.g3 Bd6 7.Bg2 O-O 8.O-O Qe7
9.Bg5 h6 10.Bxf6 Nxf6 11.Rad1 b6 12.Rfe1 Ba6 13.Nd2 Rac8 14.e4 Bxc4 15.Nxc4 dxc4
16.Qxc4 e5 17.dxe5 Bxe5 18.Re3 Ng4 19.Red3 b5 20.Qb3 Qc5 21.R1d2 Bc7 22.Bh3 Qh5
23.Kg2 Rcd8 24.Rxd8 Rxd8 25.Rxd8+ Bxd8 26.Qd1 Qxh3+ 27.Kxh3 Nxf2+ 28.Kg2 Nxd1
29.Nxd1 Bf6 30.Kf3 Kf8 31.Kf4 Ke7 32.e5 Bg5+ 33.Ke4 f6 34.h4 Bd2 35.h5 Be1
36.g4 Bg3 37.exf6+ Kxf6 38.Ne3 Kg5 39.Kf3 Be5 40.b3 c5 41.Nc2  0-1

[Event "JUG-chT"]
[Site "Cetinje"]
[Date "1992.??.??"]
[Round "?"]
[White "Trifunovic, Miroljub"]
[Black "Misailovic, Nebojsa"]
[Result "0-1"]
[WhiteElo "2375"]
[BlackElo "2430"]

1.d4 d5 2.Nf3 Nf6 3.c4 c6 4.Nc3 e6 5.Qb3 Be7 6.g3 dxc4 7.Qxc4 b5 8.Qd3 b4
9.Ne4 Nbd7 10.Bg2 Bb7 11.Nxf6+ Bxf6 12.O-O O-O 13.Bf4 Qa5 14.Bd6 Rfd8 15.Qc2 Rac8
16.a3 b3 17.Qxb3 Ba6 18.Rfe1 c5 19.Ne5 Nb8 20.Bxb8 Rxb8 21.Qc3 Qxc3 22.bxc3 Bxe5
23.dxe5 Rb3 24.Bf1 g5 25.Rac1 Rd2 26.c4 g4 27.Rb1 Rxa3 28.Rb8+ Kg7 29.Ra8 Bb7
30.Rb8 Be4 31.Rc8 Ra5 32.Rc7 Kg6 33.Rc8 h5 34.Rc7 Rd8 35.Bg2 Bxg2 36.Kxg2 Rd2
37.e3 Ra3  0-1

[Event "DEN-chT 9293"]
[Site "Denmark"]
[Date "1992.??.??"]
[Round "3"]
[White "Hutters, Tomas"]
[Black "Sorensen, Bent"]
[Result "1/2-1/2"]
[WhiteElo "2445"]
[BlackElo "2300"]

1.d4 d5 2.c4 c6 3.Nc3 Nf6 4.Nf3 e6 5.Qb3 dxc4 6.Qxc4 b5 7.Qd3 a6 8.g3 c5
9.Bg2 Bb7 10.O-O Nbd7 11.Rd1 Be7 12.Ne5 Bxg2 13.Kxg2 Nxe5 14.dxe5 Qxd3 15.exd3 Nd5
16.a4 Nxc3 17.bxc3 b4 18.c4 O-O 19.f4 Rad8 20.Bb2 Rd7 21.Kf3 Rfd8 22.Ke4 f6
23.h4 fxe5 24.fxe5 g5 25.hxg5 Bxg5 26.d4  1/2-1/2

[Event "FIN-chT"]
[Site "FIN"]
[Date "1992.??.??"]
[Round "?"]
[White "Kanko, Ilkka"]
[Black "Pulkkinen, Kari"]
[Result "1/2-1/2"]
[WhiteElo "2280"]
[BlackElo "2240"]

1.d4 d5 2.c4 c6 3.Nf3 Nf6 4.Nc3 e6 5.Qb3 dxc4 6.Qxc4 b5 7.Qb3 Nbd7 8.Bf4 Be7
9.e3 Qa5 10.Bd3 a6 11.O-O c5 12.Qc2 Bb7 13.Ne5 Rc8 14.Nxd7 Nxd7 15.Be4 Qb6
16.Bxb7 Qxb7 17.Qe4 Qxe4 18.Nxe4 cxd4 19.exd4 O-O 20.Rac1 Nf6 21.Bd6 Nxe4
22.Bxe7 Rfe8 23.Bb4 Nf6 24.Ba5 Nd5 25.Rfd1 Kf8 26.Kf1 Ke7 27.Rc5 Kd7  1/2-1/2

[Event "Katowice op"]
[Site "Katowice"]
[Date "1992.??.??"]
[Round "2"]
[White "Urban, Klaudiusz"]
[Black "Seifert, Henryk"]
[Result "1-0"]
[WhiteElo "2465"]
[BlackElo "2330"]

1.d4 d5 2.c4 c6 3.Nf3 e6 4.Qb3 Nf6 5.Nc3 Be7 6.g3 dxc4 7.Qxc4 b5 8.Qd3 Bb7
9.Bg2 Nbd7 10.O-O a6 11.Ng5 Ra7 12.a4 b4 13.Nce4 a5 14.Qc2 Nd5 15.Bd2 h6
16.Nf3 Ba6 17.Rfe1 c5 18.dxc5 Nxc5 19.Nxc5 Qc8 20.Rac1 Rc7 21.Qb1 Bxc5 22.e4 Nf6
23.h3 Bb6 24.Bf4 Rxc1 25.Rxc1 Qd7 26.Ne5 Qa7 27.Nc6 Bxf2+ 28.Kh2 Qd7 29.Nb8 Qa7
30.Nxa6 Qxa6 31.Bf1 Qb7 32.Rc7  1-0

[Event "Katowice op"]
[Site "Katowice"]
[Date "1992.??.??"]
[Round "9"]
[White "Shipov, Sergei"]
[Black "Kuczynski, Robert"]
[Result "1-0"]
[WhiteElo "2460"]
[BlackElo "2500"]

1.d4 d5 2.c4 c6 3.Nf3 Nf6 4.Nc3 e6 5.Qb3 dxc4 6.Qxc4 b5 7.Qb3 Nbd7 8.Bg5 Qa5
9.e3 Be7 10.Bd3 b4 11.Qa4 Qxa4 12.Nxa4 Nb6 13.Bc2 Ba6 14.Ne5 Bb5 15.Nc5 h6
16.Bh4 O-O 17.a4 bxa3 18.bxa3 g5 19.Bg3 Bxc5 20.dxc5 Na4 21.h4 Rfd8 22.hxg5 hxg5
23.Nxc6 Nxc5 24.Nxd8 Rxd8 25.Be5 Ncd7 26.Rd1 Rc8 27.Rxd7  1-0